000 00497nam a2200169 i 4500
001 62239
003 ES-MaACL
005 20230906164631.0
007 t|
008 031119s1970 sp ||||1| spa d
100 1 _aFeifel, Erich.
_949098
245 1 3 _aEl problema pedagógico de la incredulidad /
_cErich Feifel ; [versión de Eloy Requena].
260 _aBarcelona :
_bHerder,
_c1970.
300 _a202 p. ;
_c20 cm.
700 1 _aRequena, Eloy.
_996289
852 _aES-MaACL
_jC-44263
_bR.72986
999 _c62239
_d62239